Parole "Le bleu lumière - Statistiques

Statistiques générales
  • Ce quiz a été pris 186 fois
  • Le résultat moyen est 192 sur 235
Statistiques - réponses
Hint Réponse % Correct
bleu
100%
L'
100%
Couplet 1 Le
100%
le
100%
de
99%
m'
99%
Me
99%
me
99%
mer
99%
ciel
98%
du
98%
est
98%
J'
98%
j'
98%
je
98%
Je
98%
la
98%
n'
98%
pas
98%
que
98%
Que
98%
à
97%
ai
97%
Ce
97%
ce
97%
moi
97%
Moi
97%
préfère
97%
Pour
96%
Sans
95%
sans
95%
pourquoi
94%
savoir
94%
lumière
93%
ma
93%
terre
93%
aimer
92%
reste
92%
et
91%
Et
91%
tant
91%
vraiment
91%
aimerais
90%
les
89%
Les
89%
89%
tous
88%
dire
87%
fidèle
87%
un
87%
beau
86%
ignorent
86%
ne
86%
rester
86%
appelle
85%
mes
85%
trésor
85%
Cache
84%
cesse
84%
horizon
84%
J'ai
84%
Chacun
83%
chacun
83%
gestes
83%
ramène
83%
vent
82%
Vers
82%
touche
81%
se
80%
fois
79%
l'eau
79%
Oublier
79%
promesses
79%
qui
79%
temps
79%
malgré
78%
plus
78%
essayé
76%
faut
74%
haut
74%
histoire
74%
Il
74%
éphémère
73%
son
73%
toujours
73%
mon
72%
île
71%
encore
70%
lève
70%
loin
70%
n'partirai
70%
place
70%
y
70%
jour
69%
trouverai
69%
veux
69%
comprend
68%
croire
68%
passe
68%
Si
68%
Mais
67%
tout
66%
C'est
65%
là-bas
65%
rendre
65%
accompagner
64%
d'aller
64%
doucement
64%
droit
64%
j'irai
64%
m'appelle
64%
grands
63%
prendrai
63%
cette
62%
ceux
62%
garder
62%
pars
62%
révèle
62%
guider
61%
veulent
61%
ses
60%
d'or
58%
voix
58%
cachée
57%
reflets
57%
autrement
56%
pense
56%
voir
56%
peux
51%
soleil
51%
éternelle
50%
l'espoir
50%
nouveaux
50%
rivages
50%
sur
50%
Derrière
47%
vient
47%
danser
45%
nuages
45%
tapis
44%
L'horizon
39%
sous
35%
levent
34%
Ellem'attend
11%
Aucun quiz correspondant
Distribution des résultats
% des personnes avec chaque résultat
Percentile par nombre de réponses
Votre historique - résultats
Vous n’avez pas pris ce quiz